000 00505cam a22001337a 4500
008 180718b2011 xxu||||| |||| 00| 0 eng d
082 _aAPPPA 2010-11/NIG
100 _aNigam, Anju
245 _aAn analysis of fiscal deficit in government of India trends and issues (1990-91 to 2009-10)
_cby Anju Nigam
260 _aNew Delhi
_bIndian Institute of Public Administration
_c2011
300 _a94p.
500 _aAn APPPA M.Phil dissertation, 2010-11 (Guide: Dr. V.N. Alok)
650 _aFiscal deficit -India
999 _c502355
_d502355